|
|
|
|
| LEADER |
01024cam a2200385 7i4500 |
| 001 |
0000024564 |
| 005 |
20100611090000.0 |
| 090 |
0 |
0 |
|a DE 745.2
|b WOR
|
| 245 |
0 |
0 |
|a World best design exchange in 2009 :
|b design, engine of green growth.
|
| 260 |
0 |
0 |
|a Gyeonggi-do:
|b Korea Institute of Design Promotion,
|c 2009.
|
| 300 |
# |
# |
|a 318 p.
|
| 650 |
0 |
0 |
|a World best design --
|x Awards
|
| 650 |
0 |
0 |
|a Design awards
|
| 650 |
0 |
0 |
|a Green technology
|
| 650 |
0 |
0 |
|a Design --
|z South Korea
|
| 651 |
0 |
0 |
|a Spain
|
| 651 |
0 |
0 |
|a South Korea
|
| 651 |
0 |
0 |
|a Slovakia
|
| 651 |
0 |
0 |
|a Belgium
|
| 651 |
0 |
0 |
|a France
|
| 651 |
0 |
0 |
|a Italy
|
| 651 |
0 |
0 |
|a United Kingdom
|
| 651 |
0 |
0 |
|a China
|
| 651 |
0 |
0 |
|a New Zealand
|
| 651 |
0 |
0 |
|a Poland
|
| 651 |
0 |
0 |
|a Finland
|
| 651 |
0 |
0 |
|a Canada
|
| 651 |
0 |
0 |
|a Germany
|
| 651 |
0 |
0 |
|a Malaysia
|
| 651 |
0 |
0 |
|a Singapore
|
| 651 |
0 |
0 |
|a Austria
|
| 651 |
0 |
0 |
|a Thailand
|
| 651 |
0 |
0 |
|a United States of America
|
| 651 |
0 |
0 |
|a Australia
|
| 999 |
|
|
|a 0000026506
|b Book
|c Designs
|e Business Information Centre
|